[Event "146 Stay Safe Play From Home series"]
[Site "T#646011Emanuel Laske"]
[Date "2020.05.13"]
[Round "2"]
[White "Onlyforchess"]
[Black "Rohit2007"]
[Result "1-0"]
[WhiteElo "2572"]
[BlackElo "2278"]
[Annotator "TA"]
[PlyCount "23"]
[EventDate "2020.05.13"]
[EventType "swiss (blitz)"]

{[%evp 10,23,73,65,114,99,97,94,133,116,135,106,115,72,124,124]} 1. e4 c5 2. d4 cxd4 3. Nf3 Nc6 4. Nxd4 Nxd4 5. Qxd4 d6 6. Nc3 e5 {B32: Sicilian: Löwenthal and Kalashnikov Variations.} 7. Bb5+ Bd7 8. Qd3 Nf6 9. Bg5 Be7 10. Bxf6 Bxf6 {[#]} 11. Nd5 $146 ({Predecessor:} 11. Qxd6 Bxb5 12. Qxd8+ Bxd8 13. Nxb5 Ba5+ 14. c3 O-O 15. O-O a6 16. Nd6 Rab8 17. Rad1 {1-0 (38) Manrique Ochoa,F (2040)-Penagos,E (1599) Uniagraria 2019}) 11... O-O (11... Bc6 $142) 12. Bxd7 1-0

[Event "146 Stay Safe Play From Home series"]
[Site "T#646011Emanuel Laske"]
[Date "2020.05.13"]
[Round "2"]
[White "Chessencounter"]
[Black "Lazieri3"]
[Result "0-1"]
[WhiteElo "2197"]
[BlackElo "1969"]
[Annotator "TA"]
[PlyCount "142"]
[EventDate "2020.05.13"]
[EventType "swiss (blitz)"]

{[%evp 9,142,23,55,0,20,10,8,2,49,-1,-1,-11,-11,-31,-48,-87,-62,-144,-86,-138,-131,-367,-63,-212,-208,-258,-247,-467,-133,-209,-210,-440,-433,-410,51,0,37,34,59,44,75,31,19,-271,-267,-417,-423,-665,-676,-652,-659,-690,-626,-1005,-347,-356,-343,-567,-487,-465,-466,-522,-488,-499,-513,-520,-512,-543,-534,-667,-471,-480,-475,-469,-372,-824,-535,-560,-552,-484,-418,-560,-551,-558,-537,-5389,-5377,-4829,-4821,-1774,-1152,-1032,-688,-675,-667,-29975,-29976,-29975,-29976,-29974,-29972,-29977,-29974,-29975,-29976,-29976,-29977,-29988,-29989,-29989,-29987,-29987,-29988,-29988,-29986,-29986,-29987,-29989,-29989,-29989,-29990,-29991,-29992,-29992,-29993,-29994,-29993,-29993,-29994,-29994,-29993,-29993,-29992,-29992,-29993]} 1. b3 c6 2. Bb2 d5 3. Nf3 Nf6 4. g3 Bf5 5. Bg2 Qc8 {[#]} 6. h4 $146 {A07: Réti Opening: New York and Capablanca Systems.} (6. O-O $14) ({Predecessor:} 6. h3 h6 7. d3 Nbd7 8. Nbd2 e6 9. O-O Bc5 10. Qe1 O-O 11. e4 dxe4 12. dxe4 Bh7 13. a3 {0-1 (31) Klimm,W (2272)-Schuette,M (2194) Germany 2014}) 6... h6 7. d3 e6 8. Nbd2 {The position is equal.} Be7 9. c4 Nbd7 10. Qc2 Qc7 11. e4 dxe4 12. dxe4 Bh7 13. O-O-O (13. a3 $15) 13... Nc5 (13... O-O $142 14. Rhe1 a5) 14. Rhe1 (14. Ne5 $142) 14... O-O-O $17 {aiming for ...Nd3+.} 15. Re3 $2 (15. Ne5 $17) 15... Ncd7 $2 (15... Ng4 $19 16. Rde1 Nxf2) 16. Qc3 (16. Kb1 $15) 16... Qb6 $19 17. Rde1 Bb4 18. Qd4 $2 (18. Qc2 {might work better.}) 18... Qxd4 $2 (18... Nc5 $19 {and Black stays clearly on top.} 19. Qe5 Nd3+ 20. Rxd3 Rxd3) 19. Nxd4 {[#]} (19. Bxd4 $17 Nc5 20. Bxc5 Bxc5 21. R3e2) 19... Nc5 $1 {...Bxd2+ is the strong threat.} 20. a3 $2 (20. Bh3) 20... Bxd2+ $1 21. Kxd2 Ncd7 $2 ({Black should try} 21... e5 $19 22. b4 exd4) 22. Kc3 (22. Kc2 $14) 22... Kc7 23. b4 a6 24. Bh3 Ne5 {[%cal Bd7e5,Be5g4,Bg4f2][%mdl 32]} 25. f4 Neg4 26. Rd3 $2 {[%mdl 8192]} (26. R3e2 $11 {and White stays safe.}) 26... Nf2 ({Less strong is} 26... Bxe4 27. Rd2 $15) ({Weaker is} 26... Nxe4+ 27. Rxe4 Nf2 28. Rxe6 $17) 27. Rde3 (27. Bg2 $142 Bxe4 28. Rf3 Bxf3 29. Bxf3) 27... Nxh3 28. g4 (28. f5 $142) 28... Nxf4 {Strongly threatening ...Ng2.} 29. e5 Nxg4 30. Rg3 h5 31. Rf1 {[#]} Ng6 $2 (31... Rxd4 $1 32. Kb3 (32. Kxd4 Ne2+) 32... Re4) 32. Rxf7+ Rd7 33. Rf1 $2 (33. Nxe6+ Kc8 34. Rxd7 Kxd7 35. Nxg7) 33... N6xe5 34. Nxe6+ Kc8 35. Nc5 Rf7 36. Rxf7 Nxf7 37. Kb3 Nd6 38. Bxg7 Re8 39. Bc3 Re3 40. Rxe3 Nxe3 41. Be5 Ne4 42. Nd3 $2 (42. Nxe4 Bxe4 43. Bd4) 42... Ng2 43. Nf4 Nd2+ 44. Kc3 Nxf4 45. Bxf4 Nf3 46. Bh6 Bg6 47. Kb2 Nxh4 48. Bg7 Nf5 49. Bf6 Ne3 50. Bg5 Nd1+ 51. Kc1 Nf2 52. Kd2 Ne4+ {[%mdl 64] Double Attack. Black mates.} 53. Ke3 Nxg5 54. Kf4 h4 55. Kg4 Bd3 56. Kxh4 Bxc4 57. Kxg5 {[%mdl 4096] Endgame [#] KB-KPP} a5 $1 58. a4 (58. bxa5 Kd7) 58... axb4 {KB-KP} 59. Kf4 Kc7 60. Ke3 Kb6 61. Kd4 Ka5 62. Kxc4 Kxa4 {KP-KP} 63. Kc5 Ka3 64. Kb6 b3 65. Kxb7 b2 66. Kxc6 b1=Q 67. Kc7 Qb4 68. Kd7 Ka4 69. Ke8 Qb5+ 70. Kf7 Qb6 71. Kg7 Kb5 {Accuracy: White = 29%, Black = 52%.} 0-1

[Event "146 Stay Safe Play From Home series"]
[Site "T#646011Emanuel Laske"]
[Date "2020.05.13"]
[Round "2"]
[White "Weltszmerc"]
[Black "Mepe_Nika"]
[Result "1/2-1/2"]
[WhiteElo "2142"]
[BlackElo "2280"]
[Annotator "TA"]
[PlyCount "129"]
[EventDate "2020.05.13"]
[EventType "swiss (blitz)"]

{[%evp 9,128,0,0,-22,-8,-16,6,1,0,-29,0,-37,-35,-39,-35,-117,-54,-201,-102,-110,80,63,79,86,81,79,100,88,98,88,125,120,134,131,131,135,137,118,206,203,335,304,276,174,345,341,439,432,519,508,476,331,529,352,488,474,399,15,15,0,0,8,0,8,8,-107,8,-157,-157,-458,-441,-453,-319,-319,-319,-439,-433,-937,-406,-582,0,0,0,0,29979,29980,29980,29981,29981,29981,29980,29978,29977,29976,29976,29976,29976,29977,29982,29977,29977,29978,29978,29977,29984,29985,29987,29988,29988,29989,29990,29991,29991,29992,29992,29993,29994,29994,29995,29996,29996]} 1. d4 d5 2. c4 c6 3. Nf3 Nf6 4. g3 Bf5 5. Qb3 Qb6 6. c5 {D11: Slav Defence: 3 Nf3 sidelines and 3...Nf6 4 e3 Bg4.} Qxb3 7. axb3 e6 8. Nc3 {The position is equal.} Be7 9. b4 O-O 10. b5 cxb5 11. Nxb5 Nc6 {[#]} 12. Bd2 $146 (12. Bg2 $15) ({Predecessor:} 12. Bf4 Be4 13. Ra4 Bc2 14. Ra1 Be4 15. Ra4 Bc2 16. Ra1 {½-½ (16) Mladenov,I (2210)-Jaszkiwskyj,P (2141) Leicester 2010}) 12... Ne4 (12... Be4 $17 {Strongly threatening ...a6.} 13. Bc3 a6) 13. Nc3 (13. Bg2 $15) 13... Bf6 (13... b6 $19 14. Be3 bxc5 15. dxc5 Rab8) 14. e3 $17 e5 $2 (14... b6 $1 $17 {and life is bright.} 15. Bb5 Nb4) 15. Nxd5 $16 exd4 16. Nxf6+ Nxf6 17. Nxd4 Nxd4 18. exd4 Rfe8+ 19. Be3 Nd5 20. Kd2 Re7 21. Bd3 Bxd3 22. Kxd3 a6 23. Rhe1 Rae8 (23... Rd7 $16 24. Bd2 Rc8) 24. Bd2 $18 f5 (24... f6 {might work better.} 25. Kc4 Rd8 26. Rxe7 Nxe7) 25. Rxe7 Rxe7 {[%mdl 4096] Endgame KRB-KRN} 26. Re1 Rd7 $2 (26... Rxe1 27. Bxe1 Kf7) 27. Re5 g6 28. Kc4 Nc7 29. d5 Kf7 30. b4 Ne8 (30... Nb5 {was worth a try.} 31. d6 Na3+ 32. Kd5 Nb5) 31. f4 Nf6 32. Bc3 Ne4 33. Rxe4 $2 (33. d6 $18) 33... fxe4 {KR-KB} 34. d6 Ke6 35. Kd4 e3 36. Kxe3 Kd5 37. Kd3 {[#]} (37. Bd4 $11 {keeps the balance.}) 37... b6 ({Black should try} 37... a5 $1 $17) 38. Bd4 $2 {[#]} (38. cxb6 $11 Rxd6 39. Bd4) 38... bxc5 $1 $17 39. bxc5 $2 (39. Bxc5 $17 {nothing else works.} a5 40. h3) 39... a5 40. Kc3 Kc6 41. Kc4 Rb7 42. Bc3 a4 43. Ba5 (43. Bb4 $142 Rb8 44. Kc3) 43... Ra7 (43... a3 $142 44. Bc3 a2) 44. Bb6 (44. Bc3 {was the only chance.}) 44... a3 $2 (44... Ra8 $19 45. d7 Kxd7 46. c6+ Kxc6) 45. Bxa7 $11 {KB-K3P} a2 46. d7 $1 {[%cal Rd7d8]} Kxd7 $2 {[%mdl 8192] [#]} (46... a1=Q $11 47. d8=Q Qc1+ 48. Kb4 Qb2+ {[%mdl 64] Double Attack} 49. Ka4 (49. Kc4 Qc1+ 50. Kb4 Qb2+ {[%mdl 64] Double Attack} 51. Kc4 Qc1+ $11) 49... Qa2+ 50. Kb4 Qb2+ 51. Ka4 (51. Kc4 Qc1+ 52. Kb4 Qb2+ $11 {[%mdl 64] Double Attack}) 51... Qa2+ 52. Kb4 Qb2+) 47. c6+ $1 {White mates.} Kxc6 48. Bd4 Kd6 49. Ba1 Ke6 50. Kb3 Kf5 51. Kxa2 {KB-KPP} Kg4 52. Bf6 Kh3 53. Bh4 Kxh2 54. Kb3 Kh3 55. Kc4 Kg4 56. Kd5 h6 57. Ke6 g5 58. f5 gxh4 59. gxh4 {KPP-KP} h5 60. f6 Kxh4 61. f7 Kh3 62. f8=Q h4 63. Qf1+ Kh2 64. Qf2+ Kh3 65. Kf5 {Quite a comeback for White. Accuracy: White = 47%, Black = 48%.} 1/2-1/2

[Event "146 Stay Safe Play From Home series"]
[Site "T#646011Emanuel Laske"]
[Date "2020.05.13"]
[Round "2"]
[White "SoulofWolf"]
[Black "Nagaram"]
[Result "1-0"]
[WhiteElo "2082"]
[BlackElo "1575"]
[Annotator "RC"]
[PlyCount "163"]
[EventDate "2020.05.13"]
[EventType "swiss (blitz)"]

1. Nc3 {[%emt 0:00:01]} e5 {[%emt 0:00:01]} 2. d4 {[%emt 0:00:00]} exd4 {[%emt 0:00:01]} 3. Qxd4 {[%emt 0:00:00]} Nc6 {[%emt 0:00:00]} 4. Qd1 {[%emt 0:00:00]} Nf6 {[%emt 0:00:01]} 5. Nf3 {[%emt 0:00:00]} d5 {[%emt 0:00:00]} 6. e3 {[%emt 0:00:00]} Bb4 {[%emt 0:00:01]} 7. Be2 {[%emt 0:00:01]} O-O {[%emt 0:00:01]} 8. Bd2 {[%emt 0:00:00]} Ne4 {[%emt 0:00:00]} 9. Nxe4 {[%emt 0:00:01]} dxe4 {[%emt 0:00:01]} 10. Ng1 {[%emt 0:00:05]} Bxd2+ {[%emt 0:00:01]} 11. Qxd2 {[%emt 0:00:00]} Qxd2+ {[%emt 0:00:01]} 12. Kxd2 {[%emt 0:00:00]} Be6 {[%emt 0:00:02]} 13. c3 {[%emt 0:00:01]} Rfd8+ {[%emt 0:00:02]} 14. Kc2 {[%emt 0:00:00]} Ne5 {[%emt 0:00:01]} 15. h3 {[%emt 0:00:03]} f5 {[%emt 0:00:02]} 16. f4 {[%emt 0:00:02]} Ng6 {[%emt 0:00:01]} 17. h4 {[%emt 0:00:02]} Ne7 {[%emt 0:00:02]} 18. Nh3 {[%emt 0:00:01]} Nc6 {[%emt 0:00:00]} 19. Rhd1 {[%emt 0:00:02]} Rxd1 {[%emt 0:00:02]} 20. Rxd1 {[%emt 0:00:00]} Rd8 {[%emt 0:00:01]} 21. Rxd8+ {[%emt 0:00:01]} Nxd8 {[%emt 0:00:00]} 22. Ng5 {[%emt 0:00:01]} Kf8 {[%emt 0:00:03]} 23. Nxh7+ {[%emt 0:00:02]} Kf7 {[%emt 0:00:01]} 24. Ng5+ {[%emt 0:00:00]} Kf6 {[%emt 0:00:00]} 25. b3 {[%emt 0:00:02]} Kg6 {[%emt 0:00:02]} 26. h5+ {[%emt 0:00:02]} Kh6 {[%emt 0:00:02]} 27. g3 {[%emt 0:00:02]} g6 {[%emt 0:00:00]} 28. hxg6 {[%emt 0:00:01]} Kxg6 {[%emt 0:00:00]} 29. Nh3 {[%emt 0:00:02]} Nf7 {[%emt 0:00:03]} 30. c4 {[%emt 0:00:01]} Nh6 {[%emt 0:00:01]} 31. Kc3 {[%emt 0:00:01]} Ng4 {[%emt 0:00:00]} 32. Bxg4 {[%emt 0:00:01]} fxg4 {[%emt 0:00:00]} 33. Nf2 {[%emt 0:00:00]} Kf5 {[%emt 0:00:01]} 34. Kd4 {[%emt 0:00:00]} c6 {[%emt 0:00:01]} 35. Nxe4 {[%emt 0:00:01]} b5 {[%emt 0:00:02]} 36. Nd6+ {[%emt 0:00:03]} Kf6 {[%emt 0:00:06]} 37. cxb5 {[%emt 0:00:00]} cxb5 {[%emt 0:00:01]} 38. Nxb5 {[%emt 0:00:00]} a6 {[%emt 0:00:01]} 39. Nc7 {[%emt 0:00:00]} Ke7 {[%emt 0:00:01]} 40. Nxa6 {[%emt 0:00:01]} Bd7 {[%emt 0:00:00]} 41. Nc5 {[%emt 0:00:01]} Bc6 {[%emt 0:00:00]} 42. e4 {[%emt 0:00:01]} Kd6 {[%emt 0:00:00]} 43. Nd3 {[%emt 0:00:01]} Bd7 {[%emt 0:00:02]} 44. Ne5 {[%emt 0:00:00]} Ke7 {[%emt 0:00:01]} 45. Nxd7 {[%emt 0:00:01]} Kxd7 {[%emt 0:00:00]} 46. b4 {[%emt 0:00:00]} Kd6 {[%emt 0:00:01]} 47. a4 {[%emt 0:00:00]} Kc6 {[%emt 0:00:00]} 48. e5 {[%emt 0:00:01]} Kb6 {[%emt 0:00:00]} 49. Ke4 {[%emt 0:00:00]} Kc6 {[%emt 0:00:00]} 50. Kf5 {[%emt 0:00:00]} Kd7 {[%emt 0:00:00]} 51. Kxg4 {[%emt 0:00:00]} Ke7 {[%emt 0:00:00]} 52. Kf5 {[%emt 0:00:00]} Kf7 {[%emt 0:00:01]} 53. g4 {[%emt 0:00:00]} Ke7 {[%emt 0:00:00]} 54. g5 {[%emt 0:00:00]} Kf7 {[%emt 0:00:00]} 55. g6+ {[%emt 0:00:00]} Ke7 {[%emt 0:00:00]} 56. Kg5 {[%emt 0:00:01]} Kf8 {[%emt 0:00:00]} 57. f5 {[%emt 0:00:00]} Kg7 {[%emt 0:00:00]} 58. b5 {[%emt 0:00:00]} Kf8 {[%emt 0:00:00]} 59. a5 {[%emt 0:00:00]} Ke8 {[%emt 0:00:00]} 60. f6 {[%emt 0:00:00]} Kd7 {[%emt 0:00:00]} 61. e6+ {[%emt 0:00:00]} Kd6 {[%emt 0:00:00]} 62. g7 {[%emt 0:00:00]} Kd5 {[%emt 0:00:00]} 63. Kg6 {[%emt 0:00:00]} Kxe6 {[%emt 0:00:00]} 64. f7 {[%emt 0:00:01]} Ke5 {[%emt 0:00:00]} 65. b6 {[%emt 0:00:00]} Ke4 {[%emt 0:00:00]} 66. a6 {[%emt 0:00:00]} Kd4 {[%emt 0:00:00]} 67. b7 {[%emt 0:00:00]} Kd3 {[%emt 0:00:00]} 68. a7 {[%emt 0:00:00]} Kd4 {[%emt 0:00:00]} 69. a8=Q {[%emt 0:00:00]} Kc3 {[%emt 0:00:00]} 70. Qb8 {[%emt 0:00:00]} Kd3 {[%emt 0:00:00]} 71. Kf6 {[%emt 0:00:00]} Kd4 {[%emt 0:00:00]} 72. Qg8 {[%emt 0:00:00]} Ke4 {[%emt 0:00:00]} 73. b8=Q {[%emt 0:00:00]} Kd4 {[%emt 0:00:00]} 74. Qbf8 {[%emt 0:00:00]} Ke4 {[%emt 0:00:01]} 75. Qh8 {[%emt 0:00:00]} Kd4 {[%emt 0:00:01]} 76. g8=Q {[%emt 0:00:00]} Ke4 {[%emt 0:00:00]} 77. Qfg7 {[%emt 0:00:01]} Kd4 {[%emt 0:00:00]} 78. f8=Q {[%emt 0:00:00]} Ke4 {[%emt 0:00:01]} 79. Qg4+ {[%emt 0:00:01]} Ke3 {[%emt 0:00:00]} 80. Qhh3+ {[%emt 0:00:01]} Kf2 {[%emt 0:00:00]} 81. Qa2+ {[%emt 0:00:01]} Ke1 {[%emt 0:00:01]} 82. Qe7# {[%emt 0:00:01] (Lag: Av=0.65s, max=1.3s)} 1-0

[Event "146 Stay Safe Play From Home series"]
[Site "T#646011Emanuel Laske"]
[Date "2020.05.13"]
[Round "2"]
[White "Don59as"]
[Black "Lamborghini"]
[Result "0-1"]
[WhiteElo "2034"]
[BlackElo "2265"]
[Annotator "TA"]
[PlyCount "64"]
[EventDate "2020.05.13"]
[EventType "swiss (blitz)"]

{[%evp 11,64,3,30,21,33,0,16,11,26,27,35,33,51,41,44,31,30,32,34,27,36,0,0,0,264,177,179,112,279,270,302,303,416,0,337,0,0,-44,-26,-533,86,-211,95,95,73,-254,-264,-243,-233,-1131,-1120,-1033,-995,-970,-916]} 1. c4 g6 2. Nc3 Bg7 3. g3 c5 4. Bg2 Nc6 5. e3 d6 6. Nge2 Bd7 7. O-O {A36: Symmetrical English vs ...g6: 4 Bg2 Bg7.} Qc8 8. Nf4 Nf6 9. d4 {The position is equal.} O-O 10. b3 cxd4 11. exd4 {[#]} Bg4 $146 ({Predecessor:} 11... Ng4 12. Nfe2 Nh6 13. Bb2 Nf5 14. Nd5 e6 15. Ne3 Nxe3 16. fxe3 e5 17. d5 Ne7 {0-1 (53) Schuler,G (1992)-Mesiarik,R (2167) Hockenheim 2007}) 12. Qd2 e5 13. dxe5 dxe5 14. Nfd5 Nxd5 15. Nxd5 Re8 16. Re1 Nd4 17. Re3 Bh6 $2 {[%mdl 8192]} (17... Bf5 $11 {and Black stays safe.}) 18. f4 Bg7 {[#] Hoping for ...exf4.} 19. fxe5 (19. Bb2 $1 $18) 19... Qc5 $2 {[#]} (19... Ne2+ $16 20. Kh1 (20. Rxe2 Bxe2 21. Ba3 Qg4 $14) 20... Nxc1) 20. Bb2 $1 $18 {[%cal Rb2d4]} Nf5 21. b4 Qxc4 22. Rc3 $2 (22. Re4 $18 Qa6 23. Rxg4) 22... Qb5 $2 {[%mdl 8192]} (22... Qd4+ $11 23. Qxd4 Nxd4) 23. Nc7 $2 (23. Bf1 $18 Qa4 24. h3 Rxe5 25. hxg4 Rxd5 26. Qxd5 {[%mdl 64] Double Attack} Bd4+ 27. Kh1 Bxc3 28. Bxc3 Nxg3+ 29. Kg1) 23... Qb6+ $11 24. Kh1 Rad8 25. Qf4 $2 {[%mdl 8192]} (25. Qg5 $11 {and White is okay.} Rf8 26. Nd5 (26. Qxg4 Qf2 $15)) 25... h5 $2 (25... Bxe5 $19 26. Qxg4 Bxc3 27. Nxe8 Bxb2) 26. e6 $2 {[%mdl 8192]} (26. Nxe8 $16 {stays on course.} Rxe8 27. Rb3) 26... fxe6 $2 ({Better is} 26... Rf8 $19 27. Rc2 (27. exf7+ $2 Rxf7 28. Nd5 Qe6 $19) 27... Bxb2 28. Rxb2 fxe6) 27. Nxe8 $16 Rxe8 28. Rc7 $2 {[%mdl 8192]} (28. Rc2 $16 {Strongly threatening Bxg7.} Bxb2 29. Rxb2) 28... Bxb2 $19 29. Re1 Bg7 30. Qg5 $2 (30. Rxb7 Qd4 31. Qg5) 30... Qxc7 {Black is clearly winning.} 31. Qxg6 Qf7 32. Qxf7+ Kxf7 {Accuracy: White = 34%, Black = 51%.} 0-1

[Event "146 Stay Safe Play From Home series"]
[Site "T#646011Emanuel Laske"]
[Date "2020.05.13"]
[Round "2"]
[White "Haxhi Baha"]
[Black "Lucknow"]
[Result "0-1"]
[WhiteElo "2022"]
[BlackElo "1721"]
[PlyCount "76"]
[EventDate "2020.05.13"]
[EventType "swiss (blitz)"]

1. e4 {[%emt 0:00:01]} c5 {[%emt 0:00:01]} 2. Nf3 {[%emt 0:00:01]} d6 {[%emt 0:00:00]} 3. d4 {[%emt 0:00:01]} cxd4 {[%emt 0:00:00]} 4. Nxd4 {[%emt 0:00:01]} Nf6 {[%emt 0:00:00]} 5. Nc3 {[%emt 0:00:00]} g6 {[%emt 0:00:00]} 6. Be2 {[%emt 0:00:01]} Bg7 {[%emt 0:00:00]} 7. Be3 {[%emt 0:00:00]} O-O {[%emt 0:00:00]} 8. g4 {[%emt 0:00:00]} Nc6 {[%emt 0:00:00]} 9. g5 {[%emt 0:00:01]} Nd7 {[%emt 0:00:01]} 10. h4 {[%emt 0:00:01]} Nde5 {[%emt 0:00:01]} 11. h5 {[%emt 0:00:01]} Nxd4 {[%emt 0:00:01]} 12. Bxd4 {[%emt 0:00:01]} Qa5 {[%emt 0:00:03]} 13. hxg6 {[%emt 0:00:02]} fxg6 {[%emt 0:00:01]} 14. Bxe5 {[%emt 0:00:01]} Bxe5 {[%emt 0:00:02]} 15. Bc4+ {[%emt 0:00:01]} e6 {[%emt 0:00:01]} 16. Qd3 {[%emt 0:00:02]} Bxc3+ {[%emt 0:00:01]} 17. bxc3 {[%emt 0:00:01]} Rf7 {[%emt 0:00:02]} 18. Rh2 {[%emt 0:00:04]} Qe5 {[%emt 0:00:02]} 19. Rg2 {[%emt 0:00:04]} d5 {[%emt 0:00:02]} 20. Bb3 {[%emt 0:00:04]} dxe4 {[%emt 0:00:02]} 21. Qe3 {[%emt 0:00:02]} Bd7 {[%emt 0:00:01]} 22. O-O-O {[%emt 0:00:01]} Rc8 {[%emt 0:00:02]} 23. Kb2 {[%emt 0:00:03]} b5 {[%emt 0:00:03]} 24. Rd4 {[%emt 0:00:02]} a5 {[%emt 0:00:03]} 25. Rxe4 {[%emt 0:00:01]} Qc7 {[%emt 0:00:01]} 26. Rxe6 {[%emt 0:00:03]} a4 {[%emt 0:00:04]} 27. Rxg6+ {[%emt 0:00:02]} hxg6 {[%emt 0:00:03]} 28. Bxf7+ {[%emt 0:00:01]} Kxf7 {[%emt 0:00:00]} 29. Qf3+ {[%emt 0:00:03]} Kg7 {[%emt 0:00:02]} 30. Qf6+ {[%emt 0:00:01]} Kg8 {[%emt 0:00:03]} 31. Rh2 {[%emt 0:00:04]} a3+ {[%emt 0:00:04]} 32. Kb1 {[%emt 0:00:03]} Qxh2 {[%emt 0:00:02]} 33. Qxg6+ {[%emt 0:00:01]} Kf8 {[%emt 0:00:00]} 34. Qf6+ {[%emt 0:00:01]} Ke8 {[%emt 0:00:00]} 35. Qg6+ {[%emt 0:00:01]} Kd8 {[%emt 0:00:00]} 36. Qf6+ {[%emt 0:00:01]} Kc7 {[%emt 0:00:00]} 37. Qe5+ {[%emt 0:00:00]} Qxe5 {[%emt 0:00:02]} 38. c4 {[%emt 0:00:01]} Qg7 {[%emt 0:00:00] Haxhi Baha resigns (Lag: Av=0.51s, max=0.9s)} 0-1

[Event "146 Stay Safe Play From Home series"]
[Site "T#646011Emanuel Laske"]
[Date "2020.05.13"]
[Round "2"]
[White "Ionutn28"]
[Black "Matanant"]
[Result "1-0"]
[WhiteElo "1760"]
[BlackElo "1613"]
[Annotator "NA"]
[PlyCount "63"]
[EventDate "2020.05.13"]
[EventType "swiss (blitz)"]

1. e4 {[%emt 0:00:04]} e5 {[%emt 0:00:01]} 2. Nf3 {[%emt 0:00:01]} d5 {[%emt 0:00:01]} 3. Nxe5 {[%emt 0:00:02]} Bd6 {[%emt 0:00:02]} 4. d4 {[%emt 0:00:01]} dxe4 {[%emt 0:00:01]} 5. Be2 {[%emt 0:00:03]} Nf6 {[%emt 0:00:02]} 6. Bf4 {[%emt 0:00:01]} O-O {[%emt 0:00:02]} 7. Nc3 {[%emt 0:00:01]} Bf5 {[%emt 0:00:01]} 8. O-O {[%emt 0:00:01]} Nbd7 {[%emt 0:00:01]} 9. Nxd7 {[%emt 0:00:02]} Qxd7 {[%emt 0:00:01]} 10. Bxd6 {[%emt 0:00:01]} cxd6 {[%emt 0:00:02]} 11. Qd2 {[%emt 0:00:01]} d5 {[%emt 0:00:01]} 12. Rfe1 {[%emt 0:00:02]} a6 {[%emt 0:00:01]} 13. Nd1 {[%emt 0:00:00]} Bg6 {[%emt 0:00:02]} 14. Ne3 {[%emt 0:00:01]} Qe6 {[%emt 0:00:06]} 15. c3 {[%emt 0:00:01]} Nd7 {[%emt 0:00:02]} 16. Bg4 {[%emt 0:00:02]} f5 {[%emt 0:00:01]} 17. Be2 {[%emt 0:00:03]} Nf6 {[%emt 0:00:03]} 18. c4 {[%emt 0:00:01]} Rad8 {[%emt 0:00:04]} 19. cxd5 {[%emt 0:00:01]} Nxd5 {[%emt 0:00:01]} 20. Bc4 {[%emt 0:00:01]} f4 {[%emt 0:00:10]} 21. Nxd5 {[%emt 0:00:01]} Rxd5 {[%emt 0:00:01]} 22. Bxd5 {[%emt 0:00:01]} Qxd5 {[%emt 0:00:01]} 23. Rac1 {[%emt 0:00:01]} b6 {[%emt 0:00:05]} 24. a3 {[%emt 0:00:01]} a5 {[%emt 0:00:02]} 25. b4 {[%emt 0:00:01]} Qg5 {[%emt 0:00:02]} 26. bxa5 {[%emt 0:00:02]} e3 {[%emt 0:00:01]} 27. fxe3 {[%emt 0:00:01]} f3 {[%emt 0:00:01]} 28. g3 {[%emt 0:00:07]} Be4 {[%emt 0:00:00]} 29. Qf2 {[%emt 0:00:01]} Qg4 {[%emt 0:00:01]} 30. Rc7 {[%emt 0:00:03]} Rb8 {[%emt 0:00:00]} 31. axb6 {[%emt 0:00:02]} Rxb6 {[%emt 0:00:01]} 32. Rec1 {[%emt 0:00:00] Time} 1-0

[Event "146 Stay Safe Play From Home series"]
[Site "T#646011Emanuel Laske"]
[Date "2020.05.13"]
[Round "2"]
[White "Edmatuag"]
[Black "Tolka"]
[Result "0-1"]
[WhiteElo "1638"]
[BlackElo "2210"]
[Annotator "TA"]
[PlyCount "70"]
[EventDate "2020.05.13"]
[EventType "swiss (blitz)"]

{[%evp 9,70,-25,-24,-38,-29,-37,-42,-96,-78,-164,-157,-208,-165,-270,-175,-558,-158,-162,-159,-166,-155,-280,-184,-499,-316,-310,-277,-315,-256,-572,-556,-1016,-875,-871,-871,-820,-775,-799,-696,-978,-961,-958,-951,-907,-927,-861,-778,-959,-962,-941,-941,-1027,-1008,-941,-934,-881,-758,-728,-698,-837,-806,-767,-450]} 1. e4 d6 2. Nf3 Nf6 3. d3 Nbd7 {[#]} 4. Bg5 $146 ({Predecessor:} 4. Be2 e5 5. O-O h6 6. h3 Be7 7. Nh2 c6 8. f4 Qc7 9. Be3 Nf8 10. Nd2 Bd7 11. g4 {0-1 (28) Skoerys,M (1583)-Homann,C (1423) Playchess.com INT 2020}) 4... c6 5. Bxf6 Nxf6 6. Nc3 {B07: Pirc Defence: Miscellaneous Systems.} Qc7 7. Be2 e5 8. Nd2 ({White should play} 8. O-O $15) 8... Be7 9. f4 (9. O-O $17 {was necessary.}) 9... exf4 $19 10. O-O (10. Bf3 $17 {is a better defense.}) 10... g5 11. Nf3 (11. d4 $142) 11... h6 12. Nd4 $2 (12. d4) 12... Be6 $2 (12... Qb6 $19 13. Ncb5 a6 14. Nxd6+ Bxd6) 13. Nxe6 $17 fxe6 14. Bh5+ Kd7 15. Bg4 (15. d4 $17) 15... Raf8 16. b4 $2 (16. d4 {is tougher.}) 16... h5 17. Be2 Qb6+ 18. Kh1 Ng4 {White must now prevent ...Bf6.} 19. Bxg4 $2 (19. d4 {was the crucial defense.}) 19... hxg4 $19 {Black is clearly winning.} 20. Qxg4 {[#]} Rxh2+ $1 {[%mdl 576] Clearance} 21. Kxh2 Rh8+ 22. Qh3 Rxh3+ 23. gxh3 Qxb4 24. Ne2 Qd2 {[%mdl 64] Double Attack} 25. Rf2 f3 {[%mdl 64] Deflection, Decoy} 26. Rxf3 Qxe2+ {[%mdl 64] Double Attack} 27. Kg3 g4 28. hxg4 {[#]} Bh4+ $1 {[%mdl 576] Deflection} 29. Kxh4 Qxf3 {[%mdl 4096] Endgame KQ-KR} 30. g5 Qf4+ 31. Kh5 Qh2+ {[%mdl 64] Double Attack} 32. Kg6 Ke7 33. Rf1 Qxc2 {[%mdl 64] Double Attack} 34. Rf7+ Ke8 35. Kg7 Qc3+ {White got outplayed after the opening. Accuracy: White = 26%, Black = 44%.} 0-1